Pensamiento y acción social de la Iglesia en España /

Gardado en:
Detalles Bibliográficos
Autor Principal: Andrés-Gallego, José (autor)
Formato: Libro
Idioma:Lingua castelá
Publicado: Madrid, España : Espasa-Calpe, 1984
Series:(Espasa Universitaria. Historia ; 21)
Temas:
Etiquetas: Engadir etiqueta
Sen Etiquetas, Sexa o primeiro en etiquetar este rexistro!

MARC

LEADER 00000nam^a2200000^a^4500
001 000000149
005 20250521000000.0
009 20260310083015.864
020 |a 84-239-6521-X 
037 |a Acervo ITESO - Biblioteca 
041 |a ESP 
082 |a 300.  |b ESP V. 21 
100 |a Andrés-Gallego, José  |e (autor) 
245 1 0 |a Pensamiento y acción social de la Iglesia en España /  |c J. Andrés-Gallego. 
264 1 |a Madrid, España :  |b Espasa-Calpe,  |c 1984 
300 |a 17 v. 
336 |a texto  |b txt  |2 rdacontenido 
337 |a sin mediación  |b n  |2 rdamedio 
338 |a volumen  |b nc  |2 rdasoporte 
440 1 |a (Espasa Universitaria.  |p Historia ;  |v 21) 
649 |a XX 
650 |a Iglesia Católica en España -  |x Historia 
650 |a Iglesia y Problemas Sociales 
650 |a Iglesia y Estado 
650 |a Iglesia y Estado 
650 |a España -  |x Condiciones Políticas 
910 |a Fondo General 
920 |a Impresos - Libros 
930 |a Colección General 
905 |a 101 
901 |a 0001490100  |b IT1  |c ACC  |i 000149  |u 20250521 
902 |a https://opac.biblio.iteso.mx/vufind/Record/000000149